000 00323nam a22001457a 4500
008 230208b ||||| |||| 00| 0 eng d
020 _a9780321979438
041 _aeng
080 _2ELEVENTH EDITION
_a51
082 _a51LIA
100 _a20
101 _aMATEM
245 _aFINITE MATHEMATICS
_cLIAL
942 _2udc
_cBK
999 _c59335
_d59335